[Event "Kaupthing op-B 1st"]
[Site "Differdange"]
[Date "2007.07.13"]
[Round "8"]
[White "Caquard, Frederic"]
[Black "Scholtes, Theo"]
[Result "1-0"]
[WhiteElo "1881"]
[BlackElo "1765"]
[PlyCount "63"]
[EventDate "2007.07.08"]
[EventType "swiss"]
[EventRounds "9"]
[EventCountry "LUX"]
[SourceTitle "EXT 2008"]
[Source "ChessBase"]
[SourceDate "2007.11.25"]
[SourceVersion "1"]
[SourceVersionDate "2007.11.25"]
[SourceQuality "1"]

1. e4 b6 2. d4 Bb7 3. Bd3 e6 4. Nf3 d5 5. e5 c5 6. c3 h6 7. Be3 c4 8. Bc2 b5 9. 0-0 Nc6 10. Ne1 Be7 11. f4 g5 12. f5 Kd7 13. b3 h5 14. fxe6+ fxe6 15. bxc4 bxc4 16. a4 Nh6 17. Na3 g4 18. Nb5 a6 19. Nd6 Bxd6 20. exd6 Qg8 21. Rb1 Na5 22. Qd2 Qg7 23. Bf4 Raf8 24. g3 Nf7 25. Ng2 Nxd6 26. Be5 Rxf1+ 27. Rxf1 Qh6 28. Qf2 Re8 29. Nh4 Nb3 30. Bf4 Qf6 31. Qe2 Bc6 32. Bxd6 1-0

[Event "Kaupthing op-B 1st"]
[Site "Differdange"]
[Date "2007.07.12"]
[Round "7"]
[White "Oliva, Jan"]
[Black "Caquard, Frederic"]
[Result "1/2-1/2"]
[WhiteElo "1840"]
[BlackElo "1881"]
[PlyCount "38"]
[EventDate "2007.07.08"]
[EventType "swiss"]
[EventRounds "9"]
[EventCountry "LUX"]
[SourceTitle "EXT 2008"]
[Source "ChessBase"]
[SourceDate "2007.11.25"]
[SourceVersion "1"]
[SourceVersionDate "2007.11.25"]
[SourceQuality "1"]

1. c4 c5 2. Nc3 Nf6 3. Nf3 d5 4. cxd5 Nxd5 5. g3 Nc6 6. Bg2 Nc7 7. 0-0 e5 8. d3 Be7 9. Bd2 0-0 10. a3 Be6 11. Rb1 f6 12. Qa4 Rc8 13. b4 cxb4 14. axb4 a6 15. Rfc1 Na7 16. Ne4 Bd7 17. Qb3+ Be6 18. Qa4 Bd7 19. Qb3+ Be6 1/2-1/2

[Event "Kaupthing op-B 1st"]
[Site "Differdange"]
[Date "2007.07.10"]
[Round "5"]
[White "Jouanny, Sebastien"]
[Black "Caquard, Frederic"]
[Result "1/2-1/2"]
[WhiteElo "1681"]
[BlackElo "1881"]
[PlyCount "86"]
[EventDate "2007.07.08"]
[EventType "swiss"]
[EventRounds "9"]
[EventCountry "LUX"]
[SourceTitle "EXT 2008"]
[Source "ChessBase"]
[SourceDate "2007.11.25"]
[SourceVersion "1"]
[SourceVersionDate "2007.11.25"]
[SourceQuality "1"]

1. d4 d5 2. c4 c6 3. Nc3 Nf6 4. cxd5 cxd5 5. Bf4 a6 6. e3 e6 7. Bd3 Bd6 8. Bxd6 Qxd6 9. f4 Nc6 10. a3 b5 11. b4 Bb7 12. Nf3 Rc8 13. Rc1 0-0 14. 0-0 Ne7 15. Ne5 Ne4 16. Bxe4 dxe4 17. Ng4 Nf5 18. Qd2 Qe7 19. Nf2 Nd6 20. Qa2 Nc4 21. Rfe1 f5 22. Nfd1 Rc7 23. Nb2 Rfc8 24. Nxc4 Rxc4 25. Ne2 Bd5 26. Rxc4 Rxc4 27. Qb2 Qc7 28. Rc1 Kf7 29. Kf2 Qe7 30. Nc3 Qc7 31. Ne2 Ke7 32. Rc3 h6 33. Rc1 g5 34. g3 Kd6 35. Rc3 Qf7 36. Rxc4 Bxc4 37. Nc3 Qh5 38. Kg1 gxf4 39. gxf4 Qh4 40. Qf2 Qh3 41. Kh1 h5 42. Kg1 Qg4+ 43. Qg3 Bd5 1/2-1/2

[Event "Kaupthing op-B 1st"]
[Site "Differdange"]
[Date "2007.07.08"]
[Round "2"]
[White "Parreira, Luis Miguel PC"]
[Black "Caquard, Frederic"]
[Result "1-0"]
[WhiteElo "1969"]
[BlackElo "1881"]
[PlyCount "95"]
[EventDate "2007.07.08"]
[EventType "swiss"]
[EventRounds "9"]
[EventCountry "LUX"]
[SourceTitle "EXT 2008"]
[Source "ChessBase"]
[SourceDate "2007.11.25"]
[SourceVersion "1"]
[SourceVersionDate "2007.11.25"]
[SourceQuality "1"]

1. e4 c5 2. c3 d5 3. exd5 Qxd5 4. d4 e5 5. dxe5 Qxd1+ 6. Kxd1 Nc6 7. Bf4 Bf5 8. Na3 Rd8+ 9. Ke1 Nge7 10. Nf3 Ng6 11. Bg3 Be7 12. Nc4 0-0 13. Nd6 Bg4 14. Be2 Bxf3 15. gxf3 Ngxe5 16. Nf5 Bf6 17. Rd1 Rxd1+ 18. Kxd1 Rd8+ 19. Kc2 a6 20. h4 b5 21. f4 Ng6 22. Bf3 Nge7 23. Ne3 b4 24. Ng4 a5 25. h5 h6 26. Nxf6+ gxf6 27. Bh4 Rd6 28. Be4 Re6 29. f3 f5 30. Bd3 a4 31. Re1 Rxe1 32. Bxe1 Kf8 33. Bf2 Nd5 34. Bxc5+ Ke8 35. Bb5 Kd7 36. cxb4 Kc7 37. Bc4 Nxf4 38. Bxf7 Ne5 39. Be8 Nxf3 40. Be3 Nd5 41. Bxh6 Nxb4+ 42. Kd1 Nxa2 43. Bxa4 Kd8 44. Bf8 Ne5 45. h6 Ng6 46. h7 f4 47. Bb3 Ke8 48. Bc5 1-0

[Event "Metz op 25th"]
[Site "Metz"]
[Date "2007.04.14"]
[Round "1"]
[White "Kasparov, Sergey"]
[Black "Caquard, Frederic"]
[Result "1-0"]
[WhiteElo "2536"]
[BlackElo "1922"]
[PlyCount "67"]
[EventDate "2007.04.14"]
[EventType "swiss"]
[EventRounds "9"]
[EventCountry "FRA"]
[SourceTitle "CBM 117 Extra"]
[Source "ChessBase"]
[SourceDate "2007.05.09"]
[SourceVersion "1"]
[SourceVersionDate "2007.05.09"]
[SourceQuality "1"]

1. e4 d6 2. d4 Nf6 3. Nc3 g6 4. g3 Bg7 5. Bg2 c6 6. Nge2 0-0 7. 0-0 e5 8. a4 Bg4 9. h3 Bxe2 10. Nxe2 Nbd7 11. Be3 Kh8 12. Nc3 Ne8 13. a5 Nc7 14. f4 a6 15. Qd2 Nb5 16. Ne2 exd4 17. Nxd4 Nxd4 18. Bxd4 Bxd4+ 19. Qxd4+ Qf6 20. e5 Qe6 21. Rad1 d5 22. c4 Rad8 23. cxd5 cxd5 24. Qxd5 Qf5 25. b4 Nb6 26. Qxd8 Rxd8 27. Rxd8+ Kg7 28. axb6 Qc2 29. Bxb7 Qb3 30. Kh2 Qxb4 31. Rd6 Qb5 32. Bg2 a5 33. b7 a4 34. Rd8 1-0